| 000 | 00745nam a2200241Ia 4500 | ||
|---|---|---|---|
| 003 | OSt | ||
| 005 | 20221005131559.0 | ||
| 006 | a|||||r|||| 00| 0 | ||
| 007 | ta | ||
| 008 | 221004b |||||||| |||| 00| 0 eng d | ||
| 020 |
_a9781935428015 (pbk) _c150 |
||
| 024 | _a120892 | ||
| 037 |
_b249, 03/10/2011, Eastern Book Linkers _cTextual |
||
| 040 |
_aCRL _cCRL _beng |
||
| 041 |
_2eng _aeng |
||
| 082 | _aQ2216:2, P9 | ||
| 100 |
_aThakur Visvanatha Chakravarti _9639827 |
||
| 245 | 0 |
_aSri sankalpa kalpadrumah _b Desire tree of auspicious resolve |
|
| 260 | _c2009 | ||
| 650 | _aRELIGION | ||
| 942 |
_hQ2216:2, P9 _cTEXL _2cc |
||
| 999 |
_c1060784 _d1060784 |
||